Central Library OPAC University of Rajshahi

ভাব ভাষা ভাবনা / (Record no. 49425)

MARC details
000 -LEADER
fixed length control field 00838nam a22002297a 4500
001 - CONTROL NUMBER
control field 49425
003 - CONTROL NUMBER IDENTIFIER
rucl marc code BD-RjUL
005 - DATE AND TIME OF LATEST TRANSACTION
control field 20211209054658.0
008 - FIXED-LENGTH DATA ELEMENTS--GENERAL INFORMATION
fixed length control field 160820s1974 bg ||||| |||| 00| 0 ben d
020 ## - INTERNATIONAL STANDARD BOOK NUMBER
Terms of availability : TK 6.00
035 ## - SYSTEM CONTROL NUMBER
System control number (BD-RjUL) 49544
040 ## - CATALOGING SOURCE
Original cataloging agency BD-RjUL
Language of cataloging ben
Transcribing agency BD-RjUL
041 ## - LANGUAGE CODE
Language code of text/sound track or separate title ben
082 ## - DEWEY DECIMAL CLASSIFICATION NUMBER
Edition number 23
Classification number 491.4409
Author mark and year OSV 1974
100 ## - MAIN ENTRY--PERSONAL NAME
Personal name ওসমান, শওকত
9 (RLIN) 148365
245 10 - TITLE STATEMENT
Title ভাব ভাষা ভাবনা /
Statement of responsibility, etc. শওকত ওসমান
260 ## - PUBLICATION, DISTRIBUTION, ETC. (IMPRINT)
Place of publication, distribution, etc. ঢাকা :
Name of publisher, distributor, etc. জাতীয় গ্রন্থকেন্দ্র,
Date of publication, distribution, etc. ১৯৭৪
300 ## - PHYSICAL DESCRIPTION
Pagination ৭০ পৃ. ;
Size ২১ সেমি.
650 ## - SUBJECT ADDED ENTRY--TOPICAL TERM
Topical term or geographic name as entry element বাংলা ভাষা
General subdivision ইতিহাস ও সমালোচনা
9 (RLIN) 123477
Topical term or geographic name as entry element Bengali Language
General subdivision History & Criticism
9 (RLIN) 126541
942 ## - ADDED ENTRY ELEMENTS (KOHA)
Source of classification or shelving scheme Dewey Decimal Classification
Koha item type Books
Holdings
Lost status Source of classification or shelving scheme Damaged status Not for loan Collection code Permanent Location Current Location Shelving location Date acquired Source of acquisition Cost, normal purchase price Total Checkouts Full call number Date last seen Date checked out Copy number Koha item type
  Dewey Decimal Classification     Non-fiction Central Library, University of Rajshahi Central Library, University of Rajshahi   06/02/1980 Niyamot Book , Rajshahi 6.00 1 B 491.4409 OSV 1974 07/10/2024 06/10/2024 C-2 Books
  Dewey Decimal Classification     Non-fiction Central Library, University of Rajshahi Central Library, University of Rajshahi   06/02/1980 Niyamot Book , Rajshahi 6.00   B 491.4409 OSV 1974 01/11/2016   C-3 Books
  Dewey Decimal Classification   Not For Loan Non-fiction Central Library, University of Rajshahi Central Library, University of Rajshahi Reading Room 06/02/1980 Niyamot Book , Rajshahi 6.00   B 491.4409 OSV 1974 26/02/2017   C-1 Books